| 000 | 01170nam a2200337Ia 4500 | ||
|---|---|---|---|
| 005 | 20220317001805.0 | ||
| 008 | 170328s2014 m a g 000 0 s | ||
| 020 | _a9786077661863 | ||
| 041 | _aspa | ||
| 100 | 1 |
_aChaviano, Daína _d1957- |
|
| 245 | 1 | 0 |
_aUn hada en el umbral de la tierra _cDaína Chaviano ; ilustración de Rosana Mesa |
| 250 | _a1a. edición | ||
| 300 |
_a105 páginas _bilustraciones a blanco y negro _c21 cm |
||
| 490 | _aEcos de tinta | ||
| 500 | _aIncluye datos biográficos de la autora e ilustradora | ||
| 521 | _aRecomendado desde los 12 años | ||
| 650 | 1 | 4 |
_2LEMB _aNovela juvenil cubana _ySiglo XX |
| 650 | 1 | 4 |
_2LEMB _aLiteratura juvenil cubana _ySiglo XX |
| 650 | 1 | 4 |
_2LEMB _aFantasía en la literatura |
| 650 | 1 | 4 |
_2LEMB _aMiedo en la literatura |
| 650 | 1 | 4 |
_2LEMB _aHadas en la literatura |
| 650 | 1 | 4 |
_2LEMB _aTierra en la literatura |
| 700 | 1 |
_aMesa Zamudio, Rosana _990857 |
|
| 942 |
_2loc _cBKLIT |
||
| 264 |
_aMéxico _bEl Naranjo _c2014 |
||
| 336 |
_atexto _btxt _2rdacontent |
||
| 337 |
_asin mediación _bn _2rdamedia |
||
| 338 |
_avolumen _bnc _2rdacarrier |
||
| 040 |
_aCO-BoRNBP _bspa _erda _cCO-BoRNBP |
||
| 084 | _aN CHA28 | ||
| 999 |
_c8108 _d8108 |
||